Countries Containing Double Letters - Statistics

General Stats
  • This quiz has been taken 659 times
  • The average score is 6 of 11
Answer Stats
Letter Country % Correct
S Russia
79%
C Morocco
78%
P Philippines
76%
O Cameroon
71%
E Greece
65%
L Seychelles
60%
R Andorra
57%
L Marshall Islands
47%
R Sierra Leone
40%
S Guinea-Bissau
33%
T Saint Kitts and Nevis
32%
No matching quizzes found
Score Distribution
Percent of People with Each Score
Percentile by Number Answered
Your Score History
You have not taken this quiz